Open Data Biblioteca Nacional de Portugal


República Portuguesa: Ministério da Cultura
Biblioteca Nacional de Portugal

Catálogo da BNP: acesso por Identificadores Unívocos
Registos Bibliográficos associados ao registo de autoridade

Etiqueta de registo: 00254nam 2200025 450
001 2284215
003 http://id.bnportugal.gov.pt/bib/catbnp/2284215
010 ## $a978-989-36328-4-0
021 ## $aPT$b558330/25
100 ## $a20260413d2025 m y0pory01030103ba
101 1# $apor$aeng
102 ## $aPT
105 ## $aa b 000yy
106 ## $ar
200 1# $aNotre feu$ftextos Isabelle Ferreira, Joana P. R. Neves, Victor Pereira$ged. e coord. Nuno Ferreira Carvalho$gtrad. Karim Mesmoudi, Paulo Montes$gfot. Guillaume Vieira
210 #9 $aLisboa$cMuseu de Arte, Arquitectura e Tecnologia,$d2025
215 ## $a111, [1] p.$cil.$d26 cm
702 #1 $aFerreira,$bIsabelle,$f1972-$4070$31995498
702 #1 $aNeves,$bJoana P. R.,$f1976-$4070$31789846
702 #1 $95$aCarvalho,$bNuno$4340$31555754
702 #1 $aPereira,$bVictor,$f1978-$4070$31417883
702 #1 $aMesmoudi,$bKarim$4730$31995514
702 #1 $aMontes,$bPaulo$4730$31700668
702 #1 $aVieira,$bGuillaume$4600$31818068
801 #0 $aPT$bBN$gRPC
966 ## $lBN$mFGMON$x1
966 ## $lBN$mFGMON$x1
971 ## $cabrito$d20260413

OpendataBNP@bnportugal.pt | Mais informação sobre acesso aos dados BNP